| 000 | 00618nam a2200181Ia 4500 | ||
|---|---|---|---|
| 008 | 100920s9999 xx 000 0 und d | ||
| 082 |
_b86033 _a28 व 891 0 |
||
| 100 | _aजोशी महादेव शास्त्री. | ||
| 245 | _aऋतुध्वज. | ||
| 260 |
_bइंद्रायणी साहित्य प्रकाशन पुणे 30. _c0 |
||
| 300 |
_a57 _bसाधी |
||
| 365 | _b15 | ||
| 520 | _aबा.वि.लघुकथा. | ||
| 630 | _aऋतुध्वज. | ||
| 650 | _aबा.वि.लघुकथा. | ||
| 730 | _aऋतुध्वज. | ||
| 942 | _cBOOK | ||
| 999 |
_c726543 _d726540 |
||